| Поле | Инд. | ПП | Название | Значение |
|---|---|---|---|---|
| Тип записи | a | |||
| Библиографический уровень | m | |||
| 001 | Контрольный номер | 8c4edb3d-97c1-4d0b-ad29-a1f52559ab3e | ||
| 005 | Дата корректировки | 20140703131651.1 | ||
| 008 | Кодируемые данные | 041208 | ||
| 020 | a | ISBN | 5-7695-0351-X | |
| c | Цена, тираж | 59.00 | ||
| 040 | a | Служба первич. каталог. | НБ ТвГУ | |
| 041 | a | Код языка текста | rus | |
| 080 | a | Индекс УДК | 535(075.8) | |
| a | Индекс УДК | 539.18(075.8) | ||
| 084 | a | Индекс другой классификации/Индекс ББК | В34я73-1 | |
| a | Индекс другой классификации/Индекс ББК | В36я73-1 | ||
| 090 | x | Авторский знак | Г42 | |
| a | Полочн. индекс | В34 | ||
| 100 | 1_ | a | Автор | Гершензон Евгений Михайлович |
| 245 | 10 | a | Заглавие | Оптика и атомная физика |
| b | Продолж. заглавия | учеб. пособие для студентов пед. вузов по специальности 032200 - физика | ||
| c | Ответственность | Е. М. Гершензон, Н. Н. Малов, А. Н. Мансуров | ||
| 260 | 0_ | a | Место издания | Москва |
| b | Издательство | Academia | ||
| c | Дата издания | 2000 | ||
| 300 | a | Объем | 405,[1] с. | |
| b | Иллюстрации/ тип воспроизводства | ил. | ||
| 440 | a | Серия | Высшее образование | |
| 583 | a | Действие | Получение впервые 439 08.12.2004 | |
| k | Исполнитель действия | Взамен утраченных | ||
| 650 | a | Основная рубрика | Оптика | |
| x | Основная подрубрика | Учебники для вузов | ||
| 650 | a | Основная рубрика | Атомная физика | |
| 653 | a | Ключевые слова | Оптика | |
| a | Ключевые слова | Атомная физика | ||
| 700 | 1_ | a | Другие авторы | Малов Николай Николаевич |
| e | Роль лиц | авт. | ||
| 700 | 1_ | a | Другие авторы | Мансуров Андрей Николаевич |
| e | Роль лиц | авт. | ||
| 852 | t | Порядковый номер экземпляра | 2 | |
| p | Инвентарный номер | 793039 | ||
| p | Инвентарный номер | 793040 | ||
| 863 | t | 00021472 | ||
| 863 | t | 00021471 | ||
| 888 | a | Бесплатные | ||
| 930 | a | Новая/Ретро | учебники | |
| 952 | p | 439.2004 59.00 1 793039 | ||
| p | 439.2004 59.00 1 793040 | |||
| c | Вид литературы | К ру | ||
| 954 | a | Дата поступления на обработку | 20041216 | |
| 999 | a | Подразделение 2 | Фил3 |